"Technikálie" v reklamě
Niektoré technicko-formálne obmedzenia, ktoré je potrebné dodržať v prípade reklamy na určité výrobky. Reklama na tabakové výrobky s uvedením varovania, že sú škodlivé pre zdravie. Povinné informácie, ktoré musí obsahovať reklama na spotrebiteľský úver. Povinné texty v reklamách na potraviny. Potra...
Salvato in:
| Autore principale: | |
|---|---|
| Natura: | Capitolo di libro |
| Lingua: | ceco |
| Soggetti: | |
| Tags: |
Nessun Tag, puoi essere il primo ad aggiungerne!!
|
MARC
| LEADER | 00000naa a2200000 4500 | ||
|---|---|---|---|
| 001 | 0126370 | ||
| 005 | 20231019095438.7 | ||
| 041 | 0 | |a cze | |
| 044 | |a CZ | ||
| 245 | 1 | 0 | |a "Technikálie" v reklamě |c Petr Kůta |
| 520 | |a Niektoré technicko-formálne obmedzenia, ktoré je potrebné dodržať v prípade reklamy na určité výrobky. Reklama na tabakové výrobky s uvedením varovania, že sú škodlivé pre zdravie. Povinné informácie, ktoré musí obsahovať reklama na spotrebiteľský úver. Povinné texty v reklamách na potraviny. Potravinové doplnky. Reklama na liečivé prípravky. Obmedzenia v reklame na automobily. Čistiace prostriedky s varovaním. Vonkajšia reklama. Formálnosť v direct marketingu. | ||
| 610 | 2 | 0 | |a reklama |
| 610 | 2 | 0 | |a propagácia |
| 610 | 2 | 0 | |a marketing |
| 610 | 2 | 0 | |a legislatíva |
| 100 | 1 | |a Kůta, Petr | |